书目信息 |
| 题名: |
采空区处理的理论与实践
|
|
| 作者: | 李俊平 , 王二军 , 赵永平 著 | |
| 分册: | ||
| 出版信息: | 北京 冶金工业出版社 2012 |
|
| 页数: | 269页 | |
| 开本: | 21cm | |
| 丛书名: | ||
| 单 册: | ||
| 中图分类: | TD325 | |
| 科图分类: | ||
| 主题词: | 采空区处理 | |
| 电子资源: | ||
| ISBN: | 978-7-5024-6072-3 | |
| 000 | 00975nam0 2200241 450 | |
| 001 | 139053 | |
| 005 | 20140903100729.84 | |
| 010 | @a978-7-5024-6072-3@dCNY 29.00 | |
| 100 | @a20121227d2012 em y0chiy50 ea | |
| 101 | 0 | @achi |
| 102 | @aCN@b110000 | |
| 105 | @ay z 000yy | |
| 200 | 1 | @a采空区处理的理论与实践@Acai kong qu chu li de li lun yu shi jian@b专著@f李俊平,赵永平,王二军著 |
| 210 | @a北京@c冶金工业出版社@d2012 | |
| 215 | @a269页@d21cm | |
| 330 | @a本书涉及采空区处理从理论分析、方案设计、现场实施到效果观测的整个理论和实施体系。内容结合工程实例,着重阐述了切槽放顶法、切顶与矿柱崩落法、V形切槽上盘闭合法、硐室与深孔爆破法处理采空区的理论与方法,采空区及其安全评价的理论与方法,介绍了采空区处理方法的智能优选。 | |
| 606 | 0 | @a采空区处理 |
| 690 | @aTD325@v5 | |
| 701 | 0 | @a李俊平@Ali jun ping@f(1969 )@4著 |
| 701 | 0 | @a王二军@Awang er jun@f(1968 )@4著 |
| 701 | 0 | @a赵永平@Azhao yong ping@f(1971 )@4著 |
| 801 | 0 | @c20140903 |
| 905 | @a241430@dTD325@eL180 | |
| 采空区处理的理论与实践/李俊平,赵永平,王二军著.-北京:冶金工业出版社,2012 |
| 269页;21cm |
| ISBN 978-7-5024-6072-3:CNY 29.00 |
| 本书涉及采空区处理从理论分析、方案设计、现场实施到效果观测的整个理论和实施体系。内容结合工程实例,着重阐述了切槽放顶法、切顶与矿柱崩落法、V形切槽上盘闭合法、硐室与深孔爆破法处理采空区的理论与方法,采空区及其安全评价的理论与方法,介绍了采空区处理方法的智能优选。 |
| ● |
| 相关链接 |
|
|
|
正题名:采空区处理的理论与实践
索取号:TD325/L180
 
预约/预借
| 序号 | 登录号 | 条形码 | 馆藏地/架位号 | 状态 | 备注 |
| 1 | 0828491 | 208284916 | 自科库501/501自科库 21排1列2层/ [索取号:TD325/L180] | 在馆 | |
| 2 | 0828492 | 208284925 | 自科库501/501自科库 21排1列2层/ [索取号:TD325/L180] | 在馆 | |
| 3 | 0828493 | 208284934 | 自科库501/501自科库 21排1列2层/ [索取号:TD325/L180] | 在馆 |